| 000 | 00501nam a22001817a 4500 | ||
|---|---|---|---|
| 005 | 20251108164114.0 | ||
| 008 | 250721s1999 xx 000 0 ara d | ||
| 082 | 1 | 4 | _a210/قرن |
| 100 | 1 | _aالقرني، عائض بن عبد الله | |
| 245 | 1 | 0 | _aحدائق ذات بهجة / |
| 250 | _aط2 | ||
| 264 | 1 |
_aبيروت : _bدار ابن حزم، _c1999. |
|
| 650 | 1 | 7 | _aالإسلام |
| 650 | 1 | 7 | _aالسيرة النبوية |
| 650 | 1 | 7 | _aآل البيت |
| 942 |
_2ddc _cBK |
||
| 999 |
_c3769 _d3769 |
||